LEADER 01011nam a2200253 i 4500 001 000000125979 003 CaOOAMICUS 005 20040506000000.0 008 040506s1947 it u000 u ita u 013 $a98680 040 $aSeMil$bita 100 1 $aBoyer, Charles .$0(OLS)http://semarc/name/5854 245 10$aSant'Agostino /$cC. Boyer. 260 $aMilano :$bFratelli Bocca,$cstampa 1947. 300 $a260 p. ;$c21 cm. 490 0 $aStoria universale della filosofia ;$v12 500 $aContiene : Bibliografia. 600 04$aAgostino, Aurelio .$0(OLS)http://semarc/subject/1856 830 0$aStoria universale della filosofia ;$v12.$0(OLS)http://semarc/title/13522 850 $aSeMil 852 $aSeMil$W1$xVenegono$y1$m194 5 12 *$j80375$B80375$CSeMilBibl$Z2$F82625 $81 961 $aRecupero: Biblioteca Seminario Liceale 996 $6245$aSant'Agostino$9(OLS)http://semarc/title/56425 996 $6260$aMilano :$bFratelli Bocca$9(OLS)http://semarc/publisher/32243 LEADER 01251nam a2200301 i 4500 001 000000176328 003 CaOOAMICUS 005 20190926122250.0 008 081205s2008 it u000 u ita u 013 $a153817 020 $a978-88-250-2114-1 040 $aSeMil$bita 245 13$aLa natura umana tra determinismo e libertà /$ca cura di Mario Signore, Giovanni Scarafile. 260 $aPadova :$bMessaggero,$c2008. 300 $a383 p. ;$c19 cm. 490 0 $aFede e cultura 650 4$aDeterminismo.$0(OLS)http://semarc/subject/10523 650 4$aLibertà .$0(OLS)http://semarc/subject/6043 700 1 $aScarafile, Giovanni,$d<1968- >.$0(OLS)http://semarc/name/57857 700 1 $aSignore, Mario.$0(OLS)http://semarc/name/8174 830 0$aFede e cultura.$0(OLS)http://semarc/title/7661 850 $aSeMil 852 $aSeMil$W1$xVenegono$y1$m2P II 529$j127150$B127150$CSeMilBibl$Z2$F137732 $81 961 $aOmaggio per recensione: Scuola Cattolica 996 $6020$a978-88-250-2114-1$9(OLS)http://semarc/number/164835 996 $6245$aLa natura umana tra determinismo e libertà$9(OLS)http://semarc/title/253039 996 $6260$aPadova :$bMessaggero$9(OLS)http://semarc/publisher/29786